000
00327nam a2200133 a 4500
005
20140414131914.0
008
100902s19uu xx 00 eng d
020
_a
0590454366
050
_a
FIC
_b
H18 1998
100
_a
Hamilton, Virginia
245
_a
Cousins.
260
_a
New York :
_b
Scholastic ,
_c
1990.
999
_c
111386
_d
111386